[Event "DEM U14w 2019"]
[Site "Willingen GER"]
[Date "2019.06.12"]
[Round "6"]
[White "Oswald, Hannah"]
[Black "Peglau, Mirjam"]
[Result "0-1"]
[Termination "normal"]
[Board "7"]
[WhiteElo "1632"]
[BlackElo "1746"]
[WhiteClock "00:14:51"]
[BlackClock "00:36:56"]
[PlyCount "102"]
[WhiteFideId "16214960"]
[BlackFideId "16211138"]
[EventCountry "GER"]
[EventRounds "9"]
[EventType "swiss"]
[EventDate "2019.06.08"]

1. e4 {[%clk 1:30:59]} 1... c6 {[%clk 1:30:55]} 2. d4 {[%clk 1:31:22]} 2... d5
{[%clk 1:31:24]} 3. exd5 {[%clk 1:31:23]} 3... cxd5 {[%clk 1:31:53]} 4. Bd3 {
[%clk 1:31:39]} 4... Nc6 {[%clk 1:32:18]} 5. c3 {[%clk 1:31:53]} 5... Nf6 {
[%clk 1:32:33]} 6. Bf4 {[%clk 1:31:55]} 6... Bd7 {[%clk 1:31:11]} 7. Nd2 {
[%clk 1:27:44]} 7... e6 {[%clk 1:31:35]} 8. Ngf3 {[%clk 1:28:04]} 8... Be7 {
[%clk 1:31:51]} 9. O-O {[%clk 1:26:49]} 9... O-O {[%clk 1:32:04]} 10. Re1 {
[%clk 1:19:33]} 10... Rc8 {[%clk 1:31:43]} 11. Ne5 {[%clk 1:13:38]} 11... a6 {
[%clk 1:31:27]} 12. Ndf3 {[%clk 1:04:11]} 12... b5 {[%clk 1:26:40]} 13. Nxc6 {
[%clk 1:00:57]} 13... Bxc6 {[%clk 1:26:55]} 14. a3 {[%clk 0:58:24]} 14... Nd7 {
[%clk 1:25:28]} 15. Ne5 {[%clk 0:54:50]} 15... Nxe5 {[%clk 1:20:08]} 16. Bxe5 {
[%clk 0:53:48]} 16... Bd6 {[%clk 1:18:52]} 17. Re3 {[%clk 0:39:20]} 17... f5 {
[%clk 1:14:25]} 18. Qe2 {[%clk 0:33:08]} 18... Bxe5 {[%clk 1:13:45]} 19. Rxe5 {
[%clk 0:33:23]} 19... Bd7 {[%clk 1:14:04]} 20. Qh5 {[%clk 0:30:16]} 20... Rf6 {
[%clk 1:12:05]} 21. h3 {[%clk 0:28:16]} 21... Rh6 {[%clk 1:10:45]} 22. Qe2 {
[%clk 0:27:57]} 22... Qg5 {[%clk 1:09:51]} 23. Kh1 {[%clk 0:27:18]} 23... Rf8 {
[%clk 1:06:06]} 24. a4 {[%clk 0:23:14]} 24... bxa4 {[%clk 1:02:47]} 25. Bxa6 {
[%clk 0:23:31]} 25... Rff6 {[%clk 1:01:53]} 26. Re3 {[%clk 0:20:55]} 26... f4 {
[%clk 0:56:44]} 27. Re5 {[%clk 0:16:30]} 27... Qh4 {[%clk 0:52:26]} 28. f3 {
[%clk 0:11:26]} 28... Rfg6 {[%clk 0:51:52]} 29. Rf1 {[%clk 0:04:58]} 29... Rg3
{[%clk 0:45:04]} 30. Rf2 {[%clk 0:04:19]} 30... Qf6 {[%clk 0:33:34]} 31. Bb5 {
[%clk 0:03:16]} 31... Bc8 {[%clk 0:26:01]} 32. Bxa4 {[%clk 0:03:15]} 32... Qg6
{[%clk 0:26:27]} 33. Qf1 {[%clk 0:02:49]} 33... Rh4 {[%clk 0:24:22]} 34. Kh2 {
[%clk 0:02:40]} 34... Rgxh3+ {[%clk 0:23:52]} 35. gxh3 {[%clk 0:02:53]} 35...
Qg3+ {[%clk 0:24:17]} 36. Kh1 {[%clk 0:03:10]} 36... Rxh3+ {[%clk 0:24:42]} 37.
Qxh3 {[%clk 0:03:33]} 37... Qxh3+ {[%clk 0:25:04]} 38. Kg1 {[%clk 0:02:52]}
38... Qg3+ {[%clk 0:25:12]} 39. Rg2 {[%clk 0:02:38]} 39... Qxf3 {[%clk 0:25:35]
} 40. Reg5 {[%clk 0:02:13]} 40... Qe3+ {[%clk 0:25:29]} 41. Kh2 {[%clk 0:01:16]
} 41... g6 {[%clk 0:25:42]} 42. Re5 {[%clk 0:00:58]} 42... Qf3 {[%clk 0:20:53]}
43. Kg1 {[%clk 0:26:58]} 43... Kf7 {[%clk 0:48:54]} 44. Rf2 {[%clk 0:26:00]}
44... Qg3+ {[%clk 0:49:00]} 45. Rg2 {[%clk 0:26:06]} 45... Qd3 {[%clk 0:45:11]}
46. Rf2 {[%clk 0:25:20]} 46... Qb1+ {[%clk 0:42:54]} 47. Kg2 {[%clk 0:22:50]}
47... Qc1 {[%clk 0:40:13]} 48. Bb5 {[%clk 0:18:41]} 48... h6 {[%clk 0:39:11]}
49. Kf3 {[%clk 0:17:40]} 49... g5 {[%clk 0:39:03]} 50. Ree2 {[%clk 0:15:29]}
50... Qh1+ {[%clk 0:37:51]} 51. Rg2 {[%clk 0:14:51]} 51... Qh3+ {[%clk 0:36:56]
} 0-1

[Event "DEM U14w 2019"]
[Site "Willingen GER"]
[Date "2019.06.12"]
[Round "6"]
[White "Heutling, Elina"]
[Black "Wagner, Margarethe"]
[Result "1-0"]
[Termination "normal"]
[Board "8"]
[WhiteElo "1712"]
[BlackElo "1741"]
[WhiteClock "00:03:06"]
[BlackClock "00:03:40"]
[PlyCount "61"]
[WhiteFideId "16244729"]
[BlackFideId "16236947"]
[EventCountry "GER"]
[EventRounds "9"]
[EventType "swiss"]
[EventDate "2019.06.08"]

1. e4 {[%clk 1:30:58]} 1... c5 {[%clk 1:30:50]} 2. Nf3 {[%clk 1:31:19]} 2... d6
{[%clk 1:31:12]} 3. d4 {[%clk 1:31:41]} 3... cxd4 {[%clk 1:31:35]} 4. Nxd4 {
[%clk 1:32:03]} 4... Nf6 {[%clk 1:31:56]} 5. Nc3 {[%clk 1:32:25]} 5... a6 {
[%clk 1:32:07]} 6. Qf3 {[%clk 1:31:43]} 6... Bg4 {[%clk 1:25:23]} 7. Qg3 {
[%clk 1:25:56]} 7... e5 {[%clk 1:20:36]} 8. Nf5 {[%clk 1:22:34]} 8... Bxf5 {
[%clk 1:15:25]} 9. exf5 {[%clk 1:22:43]} 9... Nc6 {[%clk 1:14:07]} 10. Bg5 {
[%clk 1:21:01]} 10... Be7 {[%clk 1:07:51]} 11. Bxf6 {[%clk 1:17:06]} 11... Bxf6
{[%clk 1:08:05]} 12. O-O-O {[%clk 1:15:18]} 12... Nd4 {[%clk 1:00:41]} 13. Bd3
{[%clk 0:51:02]} 13... Rc8 {[%clk 0:51:54]} 14. Nd5 {[%clk 0:47:36]} 14...
Rxc2+ {[%clk 0:50:12]} 15. Kb1 {[%clk 0:46:48]} 15... Rc5 {[%clk 0:48:59]} 16.
Be4 {[%clk 0:43:31]} 16... a5 {[%clk 0:44:16]} 17. h4 {[%clk 0:29:45]} 17... b5
{[%clk 0:40:29]} 18. Qh3 {[%clk 0:27:32]} 18... b4 {[%clk 0:33:20]} 19. g4 {
[%clk 0:25:03]} 19... h6 {[%clk 0:33:22]} 20. Qg3 {[%clk 0:23:24]} 20... Kd7 {
[%clk 0:23:20]} 21. f4 {[%clk 0:14:05]} 21... b3 {[%clk 0:18:47]} 22. axb3 {
[%clk 0:08:30]} 22... Re8 {[%clk 0:16:41]} 23. fxe5 {[%clk 0:06:32]} 23... Bxe5
{[%clk 0:16:59]} 24. Qe3 {[%clk 0:06:13]} 24... Nc6 {[%clk 0:13:55]} 25. Nf6+ {
[%clk 0:04:37]} 25... Qxf6 {[%clk 0:12:00]} 26. Qxc5 {[%clk 0:04:40]} 26... Rc8
{[%clk 0:11:15]} 27. Qb5 {[%clk 0:03:26]} 27... Rc7 {[%clk 0:09:27]} 28. Rc1 {
[%clk 0:03:15]} 28... Bxb2 {[%clk 0:07:45]} 29. Rxc6 {[%clk 0:02:59]} 29... Ba3
{[%clk 0:03:21]} 30. Rxc7+ {[%clk 0:02:59]} 30... Kxc7 {[%clk 0:03:40]} 31.
Qxa5+ {[%clk 0:03:06]} 1-0

[Event "DEM U14w 2019"]
[Site "Willingen GER"]
[Date "2019.06.12"]
[Round "6"]
[White "Bildat, Emilia"]
[Black "Liu, Sijia Anna"]
[Result "1-0"]
[Termination "normal"]
[Board "9"]
[WhiteElo "1649"]
[BlackElo "1689"]
[WhiteClock "00:42:54"]
[BlackClock "00:06:22"]
[PlyCount "119"]
[WhiteFideId "16218140"]
[BlackFideId "12989746"]
[EventCountry "GER"]
[EventRounds "9"]
[EventType "swiss"]
[EventDate "2019.06.08"]

1. c4 {[%clk 1:30:59]} 1... Nf6 {[%clk 1:30:45]} 2. g3 {[%clk 1:31:15]} 2... g6
{[%clk 1:30:51]} 3. Bg2 {[%clk 1:31:37]} 3... Bg7 {[%clk 1:31:04]} 4. Nc3 {
[%clk 1:32:03]} 4... d6 5. d3 {[%clk 1:31:05]} 5... c5 {[%clk 1:29:28]} 6. Nf3
{[%clk 1:31:05]} 6... O-O {[%clk 1:27:42]} 7. O-O {[%clk 1:31:11]} 7... a6 {
[%clk 1:26:32]} 8. a3 {[%clk 1:30:34]} 8... Nc6 {[%clk 1:23:39]} 9. Rb1 { [%clk
1:29:18]} 9... Rb8 {[%clk 1:20:14]} 10. b4 {[%clk 1:28:16]} 10... cxb4 { [%clk
1:18:07]} 11. axb4 {[%clk 1:28:38]} 11... b5 {[%clk 1:18:13]} 12. cxb5 { [%clk
1:28:47]} 12... axb5 {[%clk 1:17:58]} 13. Bd2 {[%clk 1:28:46]} 13... Bd7 {[%clk
1:12:18]} 14. Qb3 {[%clk 1:25:20]} 14... h6 {[%clk 1:05:13]} 15. Rfc1 { [%clk
1:22:20]} 15... Qb6 {[%clk 1:03:30]} 16. Be3 {[%clk 1:19:42]} 16... Qb7 { [%clk
1:01:36]} 17. Nd4 {[%clk 1:13:05]} 17... Nxd4 {[%clk 0:57:21]} 18. Bxd4 { [%clk
1:12:58]} 18... Be6 {[%clk 0:53:27]} 19. Bxb7 {[%clk 1:09:18]} 19... Bxb3
{[%clk 0:53:29]} 20. Bc6 {[%clk 1:08:35]} 20... Ba4 {[%clk 0:44:08]} 21. Nxa4 {
[%clk 1:08:23]} 21... bxa4 {[%clk 0:44:05]} 22. b5 {[%clk 0:56:29]} 22... Ng4 {
[%clk 0:36:18]} 23. Bxg7 {[%clk 0:55:00]} 23... Kxg7 {[%clk 0:34:04]} 24. b6 {
[%clk 0:54:01]} 24... a3 {[%clk 0:30:18]} 25. b7 {[%clk 0:53:50]} 25... Ne5 {
[%clk 0:28:25]} 26. Bg2 {[%clk 0:52:36]} 26... e6 {[%clk 0:23:40]} 27. d4 {
[%clk 0:51:01]} 27... Nd7 {[%clk 0:22:19]} 28. Bc6 {[%clk 0:48:51]} 28... Nf6 {
[%clk 0:18:48]} 29. Ra1 {[%clk 0:43:34]} 29... d5 {[%clk 0:17:39]} 30. Rxa3 {
[%clk 0:43:02]} 30... Ne4 {[%clk 0:16:50]} 31. Ra8 {[%clk 0:40:56]} 31... Nd6 {
[%clk 0:16:28]} 32. e3 {[%clk 0:36:28]} 32... Kf6 {[%clk 0:10:26]} 33. Rca1 {
[%clk 0:35:07]} 33... Kg7 {[%clk 0:10:05]} 34. Rxb8 {[%clk 0:33:45]} 34... Rxb8
{[%clk 0:10:28]} 35. Ra8 {[%clk 0:31:56]} 35... Rxb7 {[%clk 0:10:12]} 36. Bxb7
{[%clk 0:32:20]} 36... Nxb7 {[%clk 0:10:37]} 37. Ra7 {[%clk 0:32:37]} 37... Nd6
{[%clk 0:10:14]} 38. f3 {[%clk 0:32:34]} 38... Kf6 {[%clk 0:07:34]} 39. Ra6 {
[%clk 0:32:04]} 39... Ke7 {[%clk 0:06:49]} 40. Ra7+ {[%clk 0:31:56]} 40... Kf6
{[%clk 0:06:59]} 41. Rd7 {[%clk 0:32:09]} 41... Nf5 {[%clk 0:29:03]} 42. Kf2 {
[%clk 0:59:44]} 42... g5 {[%clk 0:17:42]} 43. g4 {[%clk 0:58:47]} 43... Nh4 {
[%clk 0:16:39]} 44. e4 {[%clk 0:58:25]} 44... dxe4 {[%clk 0:16:43]} 45. fxe4 {
[%clk 0:58:47]} 45... Ng6 {[%clk 0:16:38]} 46. Rc7 {[%clk 0:50:18]} 46... Nf4 {
[%clk 0:15:47]} 47. Rc3 {[%clk 0:49:58]} 47... Ke7 {[%clk 0:14:24]} 48. Rf3 {
[%clk 0:49:09]} 48... Ng6 {[%clk 0:13:47]} 49. Kg3 {[%clk 0:47:45]} 49... Kf8 {
[%clk 0:11:14]} 50. d5 {[%clk 0:44:49]} 50... exd5 {[%clk 0:11:09]} 51. exd5 {
[%clk 0:45:10]} 51... Ke7 {[%clk 0:08:11]} 52. d6+ {[%clk 0:41:11]} 52... Kxd6
{[%clk 0:08:09]} 53. Rxf7 {[%clk 0:41:34]} 53... Ke6 {[%clk 0:07:34]} 54. Rh7 {
[%clk 0:41:53]} 54... Kf6 {[%clk 0:07:34]} 55. Rxh6 {[%clk 0:42:13]} 55... Kg7
{[%clk 0:07:35]} 56. Rxg6+ {[%clk 0:42:01]} 56... Kxg6 {[%clk 0:07:57]} 57. Kf3
{[%clk 0:42:18]} 57... Kf6 {[%clk 0:07:10]} 58. Ke4 {[%clk 0:42:33]} 58... Ke6
{[%clk 0:06:27]} 59. h3 {[%clk 0:42:34]} 59... Kf6 {[%clk 0:06:22]} 60. Kd5 {
[%clk 0:42:54]} 1-0

[Event "DEM U14w 2019"]
[Site "Willingen GER"]
[Date "2019.06.12"]
[Round "6"]
[White "Zöllner, Bente"]
[Black "Becker, Linda"]
[Result "1/2-1/2"]
[Termination "normal"]
[Board "10"]
[WhiteElo "1530"]
[BlackElo "1683"]
[WhiteClock "00:42:47"]
[BlackClock "00:54:51"]
[PlyCount "52"]
[WhiteFideId "16230523"]
[BlackFideId "16244753"]
[EventCountry "GER"]
[EventRounds "9"]
[EventType "swiss"]
[EventDate "2019.06.08"]

1. d4 {[%clk 1:30:57]} 1... d5 {[%clk 1:30:53]} 2. c4 {[%clk 1:31:17]} 2... e6
{[%clk 1:31:16]} 3. Nc3 {[%clk 1:31:35]} 3... Nf6 {[%clk 1:31:32]} 4. cxd5 {
[%clk 1:31:56]} 4... exd5 {[%clk 1:31:50]} 5. Bg5 {[%clk 1:32:14]} 5... Be7 {
[%clk 1:31:39]} 6. e3 {[%clk 1:32:26]} 6... c6 {[%clk 1:31:41]} 7. Bd3 { [%clk
1:32:41]} 7... h6 {[%clk 1:31:18]} 8. Bh4 {[%clk 1:32:44]} 8... Nbd7 { [%clk
1:30:41]} 9. Nge2 {[%clk 1:32:48]} 9... Nh5 {[%clk 1:30:04]} 10. Bxe7 { [%clk
1:32:09]} 10... Qxe7 {[%clk 1:30:25]} 11. O-O {[%clk 1:32:08]} 11... O-O {[%clk
1:29:44]} 12. Qc2 {[%clk 1:31:36]} 12... Nhf6 {[%clk 1:27:41]} 13. Rae1 {[%clk
1:31:06]} 13... b6 {[%clk 1:27:32]} 14. Ng3 {[%clk 1:27:11]} 14... c5 { [%clk
1:26:07]} 15. h3 {[%clk 1:23:14]} 15... Bb7 {[%clk 1:21:28]} 16. b3 { [%clk
1:19:53]} 16... Qd8 {[%clk 1:18:56]} 17. Re2 {[%clk 1:11:22]} 17... a6 { [%clk
1:17:07]} 18. a4 {[%clk 1:10:19]} 18... Rc8 {[%clk 1:16:25]} 19. Rc1 { [%clk
1:05:48]} 19... Nb8 {[%clk 1:09:29]} 20. Qb1 {[%clk 0:59:34]} 20... Nc6 { [%clk
1:05:55]} 21. dxc5 {[%clk 0:56:52]} 21... bxc5 {[%clk 1:06:02]} 22. Rec2 {[%clk
0:55:59]} 22... Nb4 {[%clk 1:04:41]} 23. Rd2 {[%clk 0:54:21]} 23... Nxd3 {[%clk
1:03:56]} 24. Rxd3 {[%clk 0:54:12]} 24... Qb6 {[%clk 1:01:43]} 25. Nf5 { [%clk
0:49:18]} 25... Rc7 {[%clk 0:59:02]} 26. Ne2 {[%clk 0:42:47]} 26... Re8 { [%clk
0:54:51]} 1/2-1/2

[Event "DEM U14w 2019"]
[Site "Willingen GER"]
[Date "2019.06.12"]
[Round "6"]
[White "Berghold, Lotta"]
[Black "Petersen, Sophie"]
[Result "1/2-1/2"]
[Termination "normal"]
[Board "11"]
[WhiteElo "1471"]
[BlackElo "1430"]
[WhiteClock "00:25:04"]
[BlackClock "00:54:18"]
[PlyCount "84"]
[WhiteFideId "16243463"]
[BlackFideId "16229380"]
[EventCountry "GER"]
[EventRounds "9"]
[EventType "swiss"]
[EventDate "2019.06.08"]

1. d4 {[%clk 1:30:58]} 1... d5 {[%clk 1:30:51]} 2. Nf3 {[%clk 1:31:23]} 2...
Nf6 {[%clk 1:31:12]} 3. e3 {[%clk 1:31:50]} 3... e6 {[%clk 1:31:17]} 4. Bd3 {
[%clk 1:32:16]} 4... Be7 {[%clk 1:31:25]} 5. Nbd2 {[%clk 1:32:32]} 5... O-O {
[%clk 1:30:52]} 6. O-O {[%clk 1:32:56]} 6... b6 {[%clk 1:30:56]} 7. e4 { [%clk
1:31:07]} 7... Bb7 {[%clk 1:30:05]} 8. e5 {[%clk 1:30:37]} 8... Nfd7 { [%clk
1:29:55]} 9. Re1 {[%clk 1:29:42]} 9... c5 {[%clk 1:29:58]} 10. c3 { [%clk
1:29:44]} 10... Nc6 {[%clk 1:29:43]} 11. a3 {[%clk 1:29:09]} 11... Qc7 { [%clk
1:28:15]} 12. Nf1 {[%clk 1:19:03]} 12... Rfd8 {[%clk 1:23:35]} 13. Ng3 { [%clk
1:05:37]} 13... Nf8 {[%clk 1:20:18]} 14. Qe2 {[%clk 0:44:14]} 14... Rac8 {[%clk
1:16:39]} 15. Bd2 {[%clk 0:44:02]} 15... Na5 {[%clk 1:15:10]} 16. Rab1 { [%clk
0:40:19]} 16... Nb3 {[%clk 1:13:18]} 17. Qd1 {[%clk 0:39:45]} 17... Nxd2 {[%clk
1:13:16]} 18. Qxd2 {[%clk 0:40:10]} 18... Ng6 {[%clk 1:12:47]} 19. Rbc1 {[%clk
0:33:15]} 19... Qd7 {[%clk 1:11:30]} 20. Ne2 {[%clk 0:27:21]} 20... a5 { [%clk
1:04:11]} 21. Rc2 {[%clk 0:21:28]} 21... c4 {[%clk 1:02:57]} 22. Bxg6 { [%clk
0:21:46]} 22... hxg6 {[%clk 1:03:05]} 23. Qf4 {[%clk 0:19:50]} 23... b5 { [%clk
1:00:46]} 24. Ng3 {[%clk 0:17:06]} 24... b4 {[%clk 1:00:26]} 25. axb4 { [%clk
0:17:30]} 25... axb4 {[%clk 1:00:39]} 26. Rcc1 {[%clk 0:17:36]} 26... Ra8
{[%clk 0:59:15]} 27. Ra1 {[%clk 0:17:31]} 27... b3 {[%clk 0:58:02]} 28. Ng5 {
[%clk 0:14:45]} 28... Bxg5 {[%clk 0:57:43]} 29. Qxg5 {[%clk 0:15:11]} 29...
Rdb8 {[%clk 0:56:36]} 30. Ne2 {[%clk 0:12:33]} 30... Bc6 {[%clk 0:50:37]} 31.
Rab1 {[%clk 0:10:02]} 31... Ra4 {[%clk 0:49:35]} 32. Qd2 {[%clk 0:08:41]} 32...
Rba8 {[%clk 0:48:21]} 33. g4 {[%clk 0:07:12]} 33... Qe7 {[%clk 0:48:06]} 34. g5
{[%clk 0:06:48]} 34... Rf8 {[%clk 0:39:53]} 35. f4 {[%clk 0:05:02]} 35... f6 {
[%clk 0:39:17]} 36. Rf1 {[%clk 0:04:30]} 36... f5 {[%clk 0:37:54]} 37. h4 {
[%clk 0:03:28]} 37... Kf7 {[%clk 0:37:36]} 38. Ng3 {[%clk 0:02:11]} 38... Rh8 {
[%clk 0:36:50]} 39. Qh2 {[%clk 0:02:26]} 39... Raa8 {[%clk 0:36:15]} 40. Kf2 {
[%clk 0:01:06]} 40... Ra2 {[%clk 0:25:13]} 41. Ke3 {[%clk 0:26:57]} 41... Qa7 {
[%clk 0:54:18]} 42. Qh1 {[%clk 0:25:04]} 42... Qa8 1/2-1/2

[Event "DEM U14w 2019"]
[Site "Willingen GER"]
[Date "2019.06.12"]
[Round "6"]
[White "Sinner, Joselyne"]
[Black "Li, Zixin"]
[Result "0-1"]
[Termination "normal"]
[Board "12"]
[WhiteElo "1521"]
[BlackElo "1284"]
[WhiteClock "00:31:14"]
[BlackClock "01:07:12"]
[PlyCount "122"]
[WhiteFideId "16210387"]
[BlackFideId "16244770"]
[EventCountry "GER"]
[EventRounds "9"]
[EventType "swiss"]
[EventDate "2019.06.08"]

1. e4 {[%clk 1:30:59]} 1... c5 {[%clk 1:30:57]} 2. Nf3 {[%clk 1:31:21]} 2... e6
{[%clk 1:31:24]} 3. d4 {[%clk 1:31:44]} 3... cxd4 {[%clk 1:31:51]} 4. Nxd4 {
[%clk 1:32:09]} 4... a6 {[%clk 1:32:16]} 5. Nc3 {[%clk 1:32:31]} 5... Nc6 {
[%clk 1:32:40]} 6. Be3 {[%clk 1:31:36]} 6... Qc7 {[%clk 1:33:07]} 7. Be2 {
[%clk 1:31:36]} 7... Nf6 {[%clk 1:33:30]} 8. O-O {[%clk 1:31:37]} 8... Be7 {
[%clk 1:33:51]} 9. Qd2 {[%clk 1:31:07]} 9... O-O {[%clk 1:32:58]} 10. f4 {
[%clk 1:28:57]} 10... d6 {[%clk 1:18:10]} 11. h3 {[%clk 1:17:37]} 11... b5 {
[%clk 1:17:32]} 12. a3 {[%clk 1:16:50]} 12... Bb7 {[%clk 1:17:51]} 13. Bd3 {
[%clk 1:13:23]} 13... Rfd8 {[%clk 1:13:56]} 14. Qf2 {[%clk 0:56:52]} 14... e5 {
[%clk 1:13:18]} 15. Nf5 {[%clk 0:54:58]} 15... Qd7 {[%clk 1:10:35]} 16. Qg3 {
[%clk 0:46:28]} 16... Bf8 {[%clk 1:09:52]} 17. a4 {[%clk 0:25:07]} 17... b4 {
[%clk 1:08:36]} 18. Bc4 {[%clk 0:19:38]} 18... Kh8 {[%clk 0:48:51]} 19. Nd5 {
[%clk 0:07:18]} 19... Nxe4 {[%clk 0:48:49]} 20. Qg4 {[%clk 0:05:59]} 20... Qe8
{[%clk 0:45:05]} 21. Nc7 {[%clk 0:04:41]} 21... Nf6 {[%clk 0:42:56]} 22. Qg5 {
[%clk 0:03:57]} 22... Qd7 {[%clk 0:41:41]} 23. Nxa8 {[%clk 0:03:35]} 23... Rxa8
{[%clk 0:41:55]} 24. Rad1 {[%clk 0:01:43]} 24... Na5 {[%clk 0:41:27]} 25. Rxd6
{[%clk 0:01:22]} 25... Qc7 {[%clk 0:40:19]} 26. Bd3 {[%clk 0:01:20]} 26... Ne8
27. Bb6 {[%clk 0:01:13]} 27... f6 {[%clk 0:39:25]} 28. Qh4 {[%clk 0:00:56]}
28... Qf7 {[%clk 0:38:35]} 29. Ne7 {[%clk 0:00:58]} 29... h6 {[%clk 0:38:06]}
30. Ng6+ {[%clk 0:01:10]} 30... Kg8 {[%clk 0:37:26]} 31. Rd8 {[%clk 0:00:58]}
31... Rxd8 {[%clk 0:37:42]} 32. Bxd8 {[%clk 0:01:26]} 32... Qd5 {[%clk 0:37:33]
} 33. Qg3 {[%clk 0:00:40]} 33... Qxd8 {[%clk 0:37:11]} 34. Nh4 {[%clk 0:00:48]}
34... Qd4+ {[%clk 0:36:30]} 35. Kh1 {[%clk 0:00:41]} 35... Be4 {[%clk 0:35:44]}
36. Bxe4 {[%clk 0:00:42]} 36... Qxe4 {[%clk 0:36:08]} 37. fxe5 {[%clk 0:00:41]}
37... fxe5 38. Ng6 {[%clk 0:00:43]} 38... Nf6 {[%clk 0:34:53]} 39. Nxe5 { [%clk
0:00:40]} 39... Qxc2 {[%clk 0:33:48]} 40. Rxf6 {[%clk 0:01:03]} 40... Qxb2
{[%clk 0:33:26]} 41. Rxh6 {[%clk 0:00:35]} 41... Qc1+ {[%clk 0:32:55]} 42. Kh2
{[%clk 0:29:32]} 42... Qxh6 {[%clk 1:03:22]} 43. Ng4 {[%clk 0:28:00]} 43... Qd6
{[%clk 1:02:53]} 44. Qxd6 {[%clk 0:28:03]} 44... Bxd6+ {[%clk 1:03:18]} 45. Kg1
{[%clk 0:28:16]} 45... b3 {[%clk 1:03:21]} 46. Kf2 {[%clk 0:28:00]} 46... b2
{[%clk 1:03:41]} 47. Kf3 {[%clk 0:28:15]} 47... b1=Q {[%clk 1:04:04]} 48. Kf2
{[%clk 0:28:15]} 48... Qc2+ {[%clk 1:04:16]} 49. Kf3 {[%clk 0:28:43]} 49...
Qxa4 {[%clk 1:04:33]} 50. Ke3 {[%clk 0:28:54]} 50... Qf4+ {[%clk 1:04:50]} 51.
Ke2 {[%clk 0:28:53]} 51... Nc4 {[%clk 1:05:02]} 52. Kd3 {[%clk 0:29:03]} 52...
a5 {[%clk 1:04:58]} 53. Kc3 {[%clk 0:29:11]} 53... a4 {[%clk 1:04:56]} 54. Kc2
{[%clk 0:29:08]} 54... Ne3+ {[%clk 1:05:18]} 55. Nxe3 55... Qxe3 { [%clk
1:05:43]} 56. Kb2 {[%clk 0:29:37]} 56... Qb3+ {[%clk 1:06:00]} 57. Kc1 { [%clk
0:29:55]} 57... a3 {[%clk 1:06:27]} 58. Kd2 {[%clk 0:30:19]} 58... a2 { [%clk
1:06:52]} 59. Ke2 {[%clk 0:30:29]} 59... a1=Q {[%clk 1:07:04]} 60. Kf2 { [%clk
0:30:55]} 60... Qab2+ {[%clk 1:07:12]} 61. Kg1 {[%clk 0:31:14]} 61... Qd1# 0-1

[Event "DEM U14w 2019"]
[Site "Willingen GER"]
[Date "2019.06.12"]
[Round "6"]
[White "Margaryan, Susanna"]
[Black "Avetyan, Manan"]
[Result "0-1"]
[Termination "normal"]
[Board "14"]
[WhiteElo "1187"]
[BlackElo "1307"]
[PlyCount "42"]
[WhiteFideId "16268210"]
[BlackFideId "16244737"]
[EventCountry "GER"]
[EventRounds "9"]
[EventType "swiss"]
[EventDate "2019.06.08"]

1. d4 Nf6 2. c4 c5 3. d5 b5 4. cxb5 a6 5. bxa6 g6 6. Nc3 Bg7 7. e4 d6 8. Bb5+
Bd7 9. Bxd7+ Qxd7 10. f3 O-O 11. Nge2 Nxa6 12. O-O Rfb8 13. a3 c4 14. Nd4 Nc5
15. Nc6 Rb3 16. Nb4 Ne8 17. Rf2 Na4 18. Nxa4 Qxa4 19. Qd2 Rxb4 20. axb4 Qxa1
21. Rf1 Ra2 0-1

[Event "DEM U14w 2019"]
[Site "Willingen GER"]
[Date "2019.06.13"]
[Round "7"]
[White "Reuter, Elisa"]
[Black "Bashylina, Luisa"]
[Result "1/2-1/2"]
[Termination "normal"]
[Board "1"]
[BlackTitle "WCM"]
[WhiteElo "1923"]
[BlackElo "1812"]
[WhiteClock "01:00:55"]
[BlackClock "00:52:25"]
[PlyCount "41"]
[WhiteFideId "12995444"]
[BlackFideId "12983292"]
[EventCountry "GER"]
[EventRounds "9"]
[EventType "swiss"]
[EventDate "2019.06.08"]

1. e4 {[%clk 1:30:59]} 1... c5 {[%clk 1:30:55]} 2. Nf3 {[%clk 1:31:25]} 2... e6
{[%clk 1:31:01]} 3. d4 {[%clk 1:31:45]} 3... cxd4 {[%clk 1:31:28]} 4. Nxd4 {
[%clk 1:32:10]} 4... a6 {[%clk 1:31:52]} 5. Bd3 {[%clk 1:32:31]} 5... Qc7 {
[%clk 1:31:20]} 6. O-O {[%clk 1:32:50]} 6... Nf6 {[%clk 1:31:19]} 7. Qe2 {
[%clk 1:32:55]} 7... d6 {[%clk 1:30:03]} 8. f4 {[%clk 1:28:04]} 8... Nbd7 {
[%clk 1:20:29]} 9. Nb3 {[%clk 1:22:50]} 9... Be7 {[%clk 1:18:30]} 10. Nc3 {
[%clk 1:18:51]} 10... b5 {[%clk 1:16:34]} 11. a4 {[%clk 1:10:34]} 11... b4 {
[%clk 1:14:14]} 12. Nd1 {[%clk 1:09:24]} 12... Bb7 {[%clk 1:10:30]} 13. Nf2 {
[%clk 1:08:06]} 13... O-O {[%clk 1:08:55]} 14. Bd2 {[%clk 1:04:06]} 14... a5 {
[%clk 1:05:42]} 15. Nd4 {[%clk 1:02:26]} 15... Nc5 {[%clk 0:58:53]} 16. Nb5 {
[%clk 1:00:54]} 16... Qc6 {[%clk 0:55:57]} 17. Nd4 {[%clk 1:00:12]} 17... Qc7 {
[%clk 0:52:24]} 18. Nb5 {[%clk 1:00:23]} 18... Qc6 {[%clk 0:52:40]} 19. Nd4 {
[%clk 1:00:47]} 19... Qc7 {[%clk 0:52:13]} 20. Nb5 {[%clk 1:01:05]} 20... Qc6 {
[%clk 0:52:25]} 21. Nd4 {[%clk 1:00:55]} 1/2-1/2